00483 2200193 4500001002100000008004100021035002000062245005100082100001600133250002000149260003400169020001800203084001500221082001000236650001600246990000900262990000900271990000900280INLIS000000000002257 ind  a0010-0425002257 aMalin KundangbSeri Cerita RakyatcM. Rantissi aM. Rantissi aCetakan pertama aJakarta :bBintang Indonesia, a602-218-228-x a398.2 M. m a398.2 aM. Rantissi a5969 a5970 a5971